| 000 | 00545nam a2200181 a 4500 | ||
|---|---|---|---|
| 005 | 20250521063809.0 | ||
| 008 | 991125s1997 mx 000 0 spa u | ||
| 020 | _a9686932577 | ||
| 035 | _aUPN01000008519 | ||
| 049 | _aCG | ||
| 050 | 4 |
_aTX645 C6.3 _bv.10 |
|
| 100 | 1 | _aAsensio Ortega, Enrique | |
| 245 | 1 | 3 |
_aLa cocina mexicana a través de los siglos : _balta cocina / _cEnrique Asensio Ortega. |
| 260 |
_aMéxico : _bClío : _aFundación Herdez, _c1997. |
||
| 300 |
_a61 p. : _bfots., col. |
||
| 650 | 4 |
_aCocina mexicana _99233 |
|
| 905 | _aLibro | ||
| 999 |
_c8519 _d8519 |
||